Panstwa ktore pija najwiecej piwa na osobe - Statystyki

Ogólne statystyki
  • Ten quiz został rozwiązany 77 razy
  • Średni wynik to 6 z 10
Statystyki odpowiedzi
Hint Odpowiedź % Poprawnych
99 niemcy
100%
97,7 polska
100%
188,6 czechy
91%
107,8 austria
71%
92,9 irlandia
61%
100,3 rumunia
53%
81,4 łotwa
51%
88,8 hiszpania
49%
85,5 chorwacja
41%
95,5 namibia
4%
Nie znaleziono quizów pasujących do podanych kryteriów
Rozkład punktacji
Procent ludzi z każdym wynikiem
Percentyl według liczby udzielonych odpowiedzi
Twoja historia wyników
Nie rozwiązałeś tego quizu